| 000 | 00720nam a2200193 i 4500 | ||
|---|---|---|---|
| 001 | 122617 | ||
| 003 | ES-MaACL | ||
| 005 | 20230906192018.0 | ||
| 007 | t| | ||
| 008 | 070214s1959 sp |||| | spa d | ||
| 080 | _a616.34 | ||
| 245 | 0 | 0 |
_aProblemas clínicos de la fosa iliaca y flanco derechos / _cDr. Celestino González Padrón ... [et al.]. _nXI Curso monográfico. |
| 260 |
_aSanta Cruz de Tenerife : _bInstituto de Fisiología y Patología Regionales, _c1959. |
||
| 300 |
_a148 p. ; _c21 cm. |
||
| 650 | 4 |
_aIntestinos- _xEnfermedades. _9144337 |
|
| 700 | 1 |
_aGonzález Padrón, Celestino. _958852 |
|
| 710 | 2 |
_aInstituto de Fisiología y Patología Regionales de Tenerife. _94737 |
|
| 852 |
_aES-MaACL _jC-16189 |
||
| 999 |
_c122617 _d122617 |
||